El primer actor : (Record no. 186722)

MARC details
000 -LEADER
campo de control de longitud fija 00932nam a2200253 i 4500
001 - NÚMERO DE CONTROL
campo de control 186722
003 - IDENTIFICADOR DE NÚMERO DE CONTROL
campo de control ES-MaACL
005 - FECHA Y HORA DE LA ÚLTIMA TRANSACCIÓN
campo de control 20260223132120.0
008 - DATOS DE LONGITUD FIJA--INFORMACIÓN GENERAL
campo de control de longitud fija 170209s1909 sp |||| | spa d
080 ## - NÚMERO DE LA CLASIFICACIÓN DECIMAL UNIVERSAL
Número de la Clasificación Decimal Universal 821.134.2-32"18"
100 1# - ENTRADA PRINCIPAL--NOMBRE DE PERSONA
Nombre de persona Francos Rodríguez, José,
Fechas asociadas al nombre 1862-1931
9 (RLIN) 52286
245 10 - MENCIÓN DEL TÍTULO
Título El primer actor :
Resto del título novela /
Mención de responsabilidad, etc. de José Francos Rodríguez ; ilustraciones de Pedrero.
260 ## - PUBLICACIÓN, DISTRIBUCIÓN, ETC.
Lugar de publicación, distribución, etc. Madrid :
Nombre del editor, distribuidor, etc. Los Contemporáneos,
Fecha de publicación, distribución, etc. 1909.
300 ## - DESCRIPCIÓN FÍSICA
Extensión [20] p. :
Otras características físicas il. ;
Dimensiones 28 cm.
490 1# - MENCIÓN DE SERIE
Mención de serie Los contemporáneos ;
Designación de volumen o secuencia año 1 ;
-- 42
530 ## - NOTA DISPONIBLE DE FORMULARIO FÍSICO ADICIONAL
Nota de formato físico adicional disponible Disponible en formato digital.
597 ## - NOTA DE DESCRIPCIÓN FÍSICA
NOTA DE DESCRIPCIÓN FÍSICA Texto a dos columnas.
700 1# - ENTRADA AGREGADA--NOMBRE PERSONAL
Nombre de persona Pedrero, Mariano,
Fechas asociadas al nombre 1865-1927
9 (RLIN) 89908
830 1# - PUNTO DE ACCESO ADICIONAL DE SERIE-TÍTULO UNIFORME
Título uniforme Los contemporáneos ;
Designación de volumen o secuencia año 1 ;
-- 42
9 (RLIN) 185715
852 ## - LOCALIZACIÓN
Ubicación ES-MaACL
Número de control de estantería R-2597(13)
Ubicación en estantería Depósito 1
856 4# - LOCALIZACIÓN Y ACCESO ELECTRÓNICOS
Identificador Uniforme de Recursos <a href="http://bdh-rd.bne.es/viewer.vm?id=0000258376&page=1 ">http://bdh-rd.bne.es/viewer.vm?id=0000258376&page=1 </a>
Texto de enlace Biblioteca Digital Hispánica
942 ## - ELEMENTOS DE ENTRADA SECUNDARIOS (KOHA)
Fuente del sistema de clasificación o colocación Clasificación decimal universal
Holdings
Estatus retirado Estado de pérdida Estado de daño No para préstamo Colección Biblioteca de origen Biblioteca actual Ubicación en estantería Fecha de adquisición Fuente de adquisición Total de préstamos Signatura topográfica completa Código de barras Visto por última vez Precio de reemplazo Tipo de ítem Koha
        Colección digital Biblioteca del Ateneo de Madrid Biblioteca del Ateneo de Madrid Depósito 09/02/2017     R-2597(13) 1196956 23/02/2023 23/02/2023 Libro impreso